000 00662nam a2200253 a 4500
003 AR-BaBNM
005 20251128203528.0
008 082120s2002 ||||||||||||||000 | spa||
020 _a950-506-101-3
040 _cAR-BaBNM
100 1 _aCalamaro, Eduardo S.
245 0 0 _aLa cultura nacional
_bexamen crítico
260 _aBuenos Aires
_bLibrería Hachette
_c1985
300 _a273 p.
650 4 _aSOCIOLOGIA CULTURAL
650 4 _aEDUCACION
650 4 _aESTUDIOS CULTURALES
650 4 _aANTROPOLOGIA CULTURAL Y SOCIAL
650 4 _aFILOSOFIA CULTURAL
650 4 _aVALORES CULTURALES
651 4 _aArgentina
942 _cBK
998 _cMARTIN
999 _c3800
_d3800